000 00493nam a2200181Ia 4500
005 20260429112128.0
008 260429s9999||||xx |||||||||||||| ||und||
020 _a9789395080965
041 _aEnglish
082 _a562
_bGAW
100 _aGawande, Ranjana Ramdas
245 0 _aInvertebrate paleontology /
_cRanjana Ramdas Gawande
250 _a1st ed.
260 _aJaipur :
_bKeya International Press LLP,
_c2025.
300 _avii, 319 p.; hb
650 _aPaleontology
942 _cTB
999 _c52497
_d52497